Ethnicity, conflicts, and consensus in Ghana (Record no. 209)

MARC details
000 -LEADER
fixed length control field 00452nam a2200169Ia 4500
008 - FIXED-LENGTH DATA ELEMENTS--GENERAL INFORMATION
fixed length control field 240428s9999||||xx |||||||||||||| ||und||
020 ## - INTERNATIONAL STANDARD BOOK NUMBER
International Standard Book Number 9988626703
041 ## - LANGUAGE CODE
Language code of text/sound track or separate title eng
082 ## - DEWEY DECIMAL CLASSIFICATION NUMBER
Classification number 305
100 ## - MAIN ENTRY--PERSONAL NAME
Personal name Tonah, Steve
245 #0 - TITLE STATEMENT
Title Ethnicity, conflicts, and consensus in Ghana
260 ## - PUBLICATION, DISTRIBUTION, ETC.
Name of publisher, distributor, etc. Woeli Publishing Services
Place of publication, distribution, etc. Accra
Date of publication, distribution, etc. 2007
300 ## - PHYSICAL DESCRIPTION
Extent xi, 260 p.
650 ## - SUBJECT ADDED ENTRY--TOPICAL TERM
Topical term or geographic name entry element Ethnic conflict -- Ghana - Ghana -- Ethnic relations.
942 ## - ADDED ENTRY ELEMENTS (KOHA)
Koha item type Books
Holdings
Withdrawn status Lost status Damaged status Not for loan Home library Current library Shelving location Date acquired Total checkouts Full call number Date last seen Copy number Price effective from Koha item type
        Main Library Main Library Open Shelves 12/08/2021   305.8 E. 1616 C. 1 29/04/2024 1 29/04/2024 Books
©2026  Parliament of Ghana Library - All rights reserved